| 000 | 00728nam a2200241 a 4500 | ||
|---|---|---|---|
| 005 | 20230427063504.0 | ||
| 008 | 080130s1999 mx r 000 0 spa d | ||
| 020 | _a968698609X (v.1) | ||
| 020 | _a9686986103 (v.2) | ||
| 020 | _a9686986111 (v.3) | ||
| 020 | _a968698612X (v.4) | ||
| 035 | _aUPN01000153952 | ||
| 049 | _aI | ||
| 050 | 4 |
_aLB1186 _bM8.7 1999 |
|
| 100 | 1 |
_aMuñiz de Ortiz, Rosario _930750 |
|
| 245 | 1 | 0 |
_aTeddy matemático : _bpreescolar 4 / _cRosario Muñiz de Ortíz. |
| 250 | _a7a ed. | ||
| 260 |
_aMéxico : _bAvante, _c1999 |
||
| 300 |
_a4 v. : _bil. |
||
| 650 | 4 |
_aMatemáticas _xEstudio y enseñanza (Preescolar) _94038 |
|
| 650 | 2 |
_aMatemáticas _vMateriales didácticos _913690 |
|
| 905 | _aInfantil | ||
| 999 |
_c126073 _d126073 |
||